000 00564nam a2200205Ia 4500
005 20251113153609.0
008 230125s9999 xx 000 0 und d
020 _a0-8442-2484-7
041 _aeng
082 _a158.1
_bSTU
100 _aStuart C
_9214859
245 _aBe an effective speaker
260 _c1998
_bNIC learning work publication
_aNew Delhi
300 _a238p
500 _aPersonality Improvement;Personality
500 _aPersonality Development,
650 _aPersonality Development
_9213420
700 _aStuart C
_9214859
942 _cBK
999 _c84667
_d84667